000 00748cpcaa2200229 4500
001 mm 79005175
003 DLC
005 20260227111650.0
008 790503|||||||||||| eng
010 _amm 79005175
040 _aDLC
_cDLC
_edacs
_dDLC
072 7 _aW
_2lcmd
100 1 _aDrake, James H.
245 0 0 _aJames H. Drake papers,
_f1859-1865.
300 _a7
_fitems.
506 0 _aOpen to research.
545 0 _aConfederate army officer.
546 _aCollection material in English.
580 _aForms part of: Miscellaneous Manuscripts collection.
656 7 _aArmy officers, Confederate.
_2itoamc
999 _c41836
_d41836